Представление документа в формате RUSMARC

ПолеНазваниеЗначение
  Тип записи a
  Библиографический уровень a
001 Контрольный номер RU/CBS_UL/BASE/85063a6f5fbc44edb98e24c636e99988
005 Дата корректировки 20230515112938.6
100 Данные общей обработки __
a Данные общей обработки 20230515 ||| 0rusy0189 ca
101 Язык документа 0_
a Язык текста rus
102 Страна публикации __
a Страна публикации RU
200 Заглавие и сведения об ответственности 1_
a Заглавие Как бороться с кинофобией
e Сведения, относящиеся к заглавию [страх собак у детей]
f Первые сведения об ответственности Г. Прутковская
300 Общие примечания __
a Общие примечания 12+
461 Уровень набора _0
1 2000
a Основы безопасности жизнедеятельности
463 Уровень физической единицы _0
1 2000
a № 4
v С. 50-51
1 2101
d 2023
1 001RU/CBS_UL/BASE/1df17451c8da4dca9e93801947b6248e
606 Тематические рубрики 0_
a Основная рубрика Кинофобия - Страхи (психол.)
610 Ключевые слова 0_
a Ключевые слова кинофобия
610 Ключевые слова 0_
a Ключевые слова страх собак
610 Ключевые слова 0_
a Ключевые слова детские страхи
610 Ключевые слова 0_
a Ключевые слова боязнь собак
610 Ключевые слова 0_
a Ключевые слова детские фобии
686 Индексы других классификаций __
a Классификационный индекс 88.8
700 Автор _1
a Фамилия Прутковская
b Имя (инициалы) Г.
801 Источник записи _0
a Страна RU
b Организация МБУК ЦБС г. Ульяновска
c Дата составления 20230515
g Правила каталогизации RCR
801 Источник записи _1
a Страна RU
b Организация МБУК ЦБС г. Ульяновска
c Дата составления 20230515
g Правила каталогизации RCR
901 Тип документа __
t Тип документа b
w Контрольный № источника RU/CBS_UL/BASE/1df17451c8da4dca9e93801947b6248e